[Event "Wachtebeke op"]
[Site "Wachtebeke"]
[Date "2022.02.26"]
[Round "2"]
[White "Boucquet, Emile"]
[Black "Demiddele, Kevin"]
[Result "1-0"]
[WhiteElo "2206"]
[BlackElo "1953"]
[PlyCount "65"]
[EventDate "2022.02.26"]
[EventType "swiss"]
[EventRounds "9"]
[EventCountry "BEL"]
[SourceTitle "CBM 207 Extra"]
[Source "ChessBase"]
[SourceDate "2022.05.31"]
[SourceVersion "1"]
[SourceVersionDate "2022.05.31"]
[SourceQuality "1"]

1. d4 d5 2. c4 c6 3. Nf3 Nf6 4. Nc3 dxc4 5. e4 b5 6. Be2 e6 7. 0-0 Be7 8. a4 b4 9. e5 bxc3 10. exf6 Bxf6 11. bxc3 Ba6 12. Ne5 Bxe5 13. dxe5 Qxd1 14. Rxd1 Nd7 15. f4 Nc5 16. Rd6 Rc8 17. Bf3 0-0 18. Ba3 Nd3 19. Rd7 Rfd8 20. Rxa7 Ra8 21. Rxa8 Rxa8 22. Rb1 Nxf4 23. Bxc6 Ne2+ 24. Kf2 Nxc3 25. Rb4 Rd8 26. Rb6 Bc8 27. Rb8 h6 28. Bd6 Kh7 29. a5 Rg8 30. Ra8 Nd5 31. a6 Nb6 32. Rb8 c3 33. Rxb6 1-0

[Event "Leuven op"]
[Site "Leuven"]
[Date "2019.11.11"]
[Round "6"]
[White "Demiddele, Kevin"]
[Black "Verheyen, Olivier"]
[Result "1/2-1/2"]
[WhiteElo "1871"]
[BlackElo "2190"]
[PlyCount "90"]
[EventDate "2019.11.08"]
[EventType "swiss"]
[EventRounds "7"]
[EventCountry "BEL"]
[SourceTitle "CBM 193 Extra"]
[Source "ChessBase"]
[SourceDate "2020.01.31"]
[SourceVersion "1"]
[SourceVersionDate "2020.01.31"]
[SourceQuality "1"]

1. c4 c5 2. Nc3 Nc6 3. g3 g6 4. Bg2 Bg7 5. e4 e6 6. Nge2 d6 7. 0-0 Nge7 8. d3 0-0 9. Be3 Nd4 10. Rb1 Nec6 11. a3 a5 12. b3 Rb8 13. f4 b6 14. Bf2 Ba6 15. Nxd4 Nxd4 16. a4 Bb7 17. Qd2 Qf6 18. Ne2 Nxe2+ 19. Qxe2 d5 20. e5 Qe7 21. Rfd1 d4 22. Be4 f6 23. exf6 Qxf6 24. Re1 Bxe4 25. Qxe4 Rbe8 26. Rb2 e5 27. Qd5+ Qf7 28. Qxf7+ Kxf7 29. fxe5 Rxe5 30. Rxe5 Bxe5 31. Re2 Ke6 32. Kg2 h5 33. h4 Rf5 34. Re4 g5 35. hxg5 Rxg5 36. Be1 Kf5 37. Kf3 Rg7 38. Bf2 Rg8 39. Rh4 Rg5 40. Be1 Kg6 41. Re4 Rf5+ 42. Kg2 Rg5 43. Bf2 Kf5 44. Kf3 Rg4 45. Rxg4 hxg4+ 1/2-1/2

[Event "BEL-ch op"]
[Site "Antwerp"]
[Date "2013.07.12"]
[Round "7"]
[White "Demiddele, Kevin"]
[Black "T'Sas, Jan"]
[Result "1-0"]
[WhiteElo "1884"]
[BlackElo "2010"]
[PlyCount "59"]
[EventDate "2013.07.06"]
[EventType "swiss"]
[EventRounds "9"]
[EventCountry "BEL"]
[SourceTitle "CBM 155 Extra"]
[Source "ChessBase"]
[SourceDate "2013.08.26"]
[SourceVersion "1"]
[SourceVersionDate "2013.08.26"]
[SourceQuality "1"]

1. c4 Nf6 2. Nc3 c6 3. e4 e5 4. Nf3 d6 5. d4 Nbd7 6. d5 Be7 7. Bd3 0-0 8. 0-0 a5 9. Rb1 Nc5 10. Re1 Bg4 11. Bc2 Nfd7 12. a3 cxd5 13. cxd5 a4 14. Nxa4 Nxa4 15. Bxa4 f5 16. Bxd7 Qxd7 17. h3 Bh5 18. Nxe5 Qe8 19. g4 dxe5 20. gxh5 fxe4 21. d6 Bh4 22. Be3 Rf3 23. Qd5+ Kh8 24. Qxe4 Qxh5 25. Qg4 Qxg4+ 26. hxg4 Raf8 27. d7 Rxe3 28. fxe3 Bxe1 29. Rxe1 Rd8 30. Rc1 1-0

[Event "IECC M1-2013.T056"]
[Site "IECC email"]
[Date "2013.06.27"]
[Round "?"]
[White "Martin, Dennis"]
[Black "Demiddele, Kevin"]
[Result "1-0"]
[WhiteElo "1863"]
[BlackElo "1637"]
[PlyCount "29"]
[EventDate "2013.??.??"]
[EventType "match (corr)"]
[EventRounds "2"]
[SourceTitle "Corr 2020"]
[Source "ChessBase"]
[SourceDate "2019.09.30"]
[SourceVersion "1"]
[SourceVersionDate "2019.09.30"]
[SourceQuality "1"]
[WhiteTeam "United States"]
[BlackTeam "Belgium"]
[WhiteTeamCountry "USA"]
[BlackTeamCountry "BEL"]

1. e4 c6 2. d4 d5 3. e5 Bf5 4. Nf3 e6 5. Be2 Nd7 6. 0-0 Bg6 7. c3 Be7 8. Be3 Nh6 9. Bxh6 gxh6 10. Qd2 Qb6 11. a4 Rg8 12. a5 Qc7 13. b4 Be4 14. Qxh6 Rg6 15. Qe3 1-0

[Event "BEL-ch op"]
[Site "Namur"]
[Date "2006.07.03"]
[Round "3"]
[White "Demiddele, Kevin"]
[Black "Minnebo, Alain"]
[Result "1-0"]
[WhiteElo "1947"]
[BlackElo "2268"]
[PlyCount "67"]
[EventDate "2006.07.01"]
[EventType "swiss"]
[EventRounds "9"]
[EventCountry "BEL"]
[SourceTitle "CBM 113 Extra"]
[Source "ChessBase"]
[SourceDate "2006.09.14"]
[SourceVersion "1"]
[SourceVersionDate "2006.09.14"]
[SourceQuality "1"]

1. e4 c5 2. Nf3 e6 3. d4 cxd4 4. Nxd4 Nc6 5. Nc3 d6 6. Bc4 Nf6 7. a3 Be7 8. Ba2 0-0 9. 0-0 Qc7 10. Kh1 Bd7 11. Ndb5 Qb8 12. Bg5 a6 13. Bxf6 gxf6 14. Nd4 b5 15. f4 b4 16. axb4 Nxb4 17. Bb3 Kh8 18. f5 e5 19. Nde2 Bc6 20. Ng3 Rg8 21. Bxf7 Rxg3 22. hxg3 Qf8 23. Qh5 Nxc2 24. Rac1 Nd4 25. Nd5 Bd8 26. Kh2 Bb5 27. Rf2 Be2 28. g4 Bxg4 29. Qxg4 Qh6+ 30. Kg3 Ba5 31. Rff1 Bd2 32. Rh1 Qf8 33. Rxh7+ Kxh7 34. Qg6+ 1-0

[Event "IECC CL4-2004.15 email"]
[Site "IECC email"]
[Date "2004.09.26"]
[Round "?"]
[White "Demiddele, Kevin"]
[Black "Dunning, Stephen"]
[Result "1-0"]
[WhiteElo "1661"]
[BlackElo "1554"]
[PlyCount "99"]
[EventDate "2004.??.??"]
[EventType "tourn (corr)"]
[EventRounds "4"]
[SourceTitle "Corr 2008"]
[Source "ChessBase"]
[SourceDate "2008.06.24"]
[SourceVersion "1"]
[SourceVersionDate "2008.06.24"]
[SourceQuality "1"]

1. d4 Nf6 2. c4 c5 3. d5 b5 4. cxb5 a6 5. bxa6 g6 6. Nc3 Bxa6 7. e4 Bxf1 8. Kxf1 d6 9. Nf3 Nbd7 10. g3 Bg7 11. Kg2 0-0 12. h3 Qa5 13. Re1 Rfb8 14. e5 dxe5 15. Nxe5 Nxe5 16. Rxe5 Rb7 17. Qe2 Raa7 18. g4 Ne8 19. Re3 Nd6 20. a4 c4 21. Qf3 f5 22. g5 Bd4 23. Re6 Rb3 24. Qd1 Bxc3 25. bxc3 Rxc3 26. Re3 Ne4 27. Qd4 Rc2 28. Rxe4 fxe4 29. Qxe4 Qc3 30. Ra3 Rxf2+ 31. Kxf2 Qxc1 32. Qe6+ Kg7 33. Qe5+ Kg8 34. Rf3 Ra8 35. Qe6+ Kh8 36. Qxe7 Qb2+ 37. Kg3 Qg7 38. d6 Qxe7 39. dxe7 Kg7 40. Kf2 Re8 41. Re3 Kf7 42. Ke2 c3 43. Kd3 c2 44. Kxc2 Rc8+ 45. Kb3 Ke8 46. Kb4 Rb8+ 47. Kc5 Ra8 48. Kb5 Rb8+ 49. Kc6 Ra8 50. Re4 1-0

[Event "IECC CL4-2004.15 email"]
[Site "IECC email"]
[Date "2004.09.26"]
[Round "?"]
[White "Williams, Derek"]
[Black "Demiddele, Kevin"]
[Result "1-0"]
[WhiteElo "1681"]
[BlackElo "1656"]
[PlyCount "57"]
[EventDate "2004.??.??"]
[EventType "tourn (corr)"]
[EventRounds "4"]
[SourceTitle "Corr 2008"]
[Source "ChessBase"]
[SourceDate "2008.06.24"]
[SourceVersion "1"]
[SourceVersionDate "2008.06.24"]
[SourceQuality "1"]

1. e4 c5 2. Nf3 e6 3. Bc4 a6 4. 0-0 b5 5. Be2 Bb7 6. d3 d6 7. d4 cxd4 8. a4 bxa4 9. Qxd4 Nd7 10. Qxa4 Qc7 11. Bf4 Ne7 12. Nbd2 Ng6 13. Bg5 Be7 14. Bxe7 Nxe7 15. Qc4 Qb6 16. Qd3 d5 17. exd5 Nxd5 18. Nc4 Qc7 19. Qa3 Nc5 20. Qa5 0-0 21. Qxc7 Nxc7 22. Rfd1 Rad8 23. Rac1 Bxf3 24. Bxf3 Nd5 25. Ra1 f6 26. Ra5 Rc8 27. Na3 Rfe8 28. Rd4 Re7 29. Kf1 1-0